000 00503nam a2200181Ia 4500
008 100920s9999 xx 000 0 und d
082 _b97892
_a15 0
100 _aSINGHAL J.P., GUKSHAN RAI.
245 _aCOMPERHENSIVE SOCIAL SCIENCE.
260 _bLAXMI PUBLICATION, NEW DELHI.
_c0
300 _a573
_bसाधी
365 _b160
520 _aसोशो.
630 _aCOMPERHENSIVE SOCIAL SCIENCE.
650 _aसोशो.
730 _aCOMPERHENSIVE SOCIAL SCIENCE.
942 _cBOOK
999 _c738330
_d738327